<?xml version="1.0" encoding="UTF-8"?><?xml-stylesheet type="text/xsl" href="static/style.xsl"?><OAI-PMH xmlns="http://www.openarchives.org/OAI/2.0/" xmlns:xsi="http://www.w3.org/2001/XMLSchema-instance" xsi:schemaLocation="http://www.openarchives.org/OAI/2.0/ http://www.openarchives.org/OAI/2.0/OAI-PMH.xsd"><responseDate>2026-04-17T20:44:50Z</responseDate><request verb="GetRecord" identifier="oai:riubu.ubu.es:10259/10822" metadataPrefix="marc">https://riubu.ubu.es/oai/request</request><GetRecord><record><header><identifier>oai:riubu.ubu.es:10259/10822</identifier><datestamp>2025-08-29T22:01:18Z</datestamp><setSpec>com_10259_2699</setSpec><setSpec>col_10259_2725</setSpec></header><metadata><record xmlns="http://www.loc.gov/MARC21/slim" xmlns:doc="http://www.lyncode.com/xoai" xmlns:xsi="http://www.w3.org/2001/XMLSchema-instance" xmlns:dcterms="http://purl.org/dc/terms/" xsi:schemaLocation="http://www.loc.gov/MARC21/slim http://www.loc.gov/standards/marcxml/schema/MARC21slim.xsd">
<leader>00925njm 22002777a 4500</leader>
<datafield tag="042" ind1=" " ind2=" ">
<subfield code="a">dc</subfield>
</datafield>
<datafield tag="720" ind1=" " ind2=" ">
<subfield code="a">Castaño Marcos, Jesús</subfield>
<subfield code="e">author</subfield>
</datafield>
<datafield tag="260" ind1=" " ind2=" ">
<subfield code="c">2024</subfield>
</datafield>
<datafield tag="520" ind1=" " ind2=" ">
<subfield code="a">La tesis, realizada en la modalidad de “Doctorado Industrial”, presenta un desarrollo&#xd;
tecnológico de un sistema de inspección automática y en tiempo real, mediante tecnología de&#xd;
visión artificial 3D, de la superficie de las barras de combustible utilizadas en la industria nuclear.&#xd;
La industria nuclear se caracteriza por sus altos estándares de calidad y control de la seguridad.&#xd;
Uno de estos controles cruciales se encuentra en la inspección detallada de la superficie de las&#xd;
barras de combustible, necesaria, entre otros muchos factores, para evitar posibles fallos en el&#xd;
reactor durante su operación y, consecuentemente, la pérdida de productividad y el aumento&#xd;
del riesgo radiológico. Los requisitos de inspección de muescas, rayaduras o poros en la&#xd;
superficie de la barra o del tubo son muy estrictos, siendo las más restrictiva, la profundidad&#xd;
máxima permitida de un defecto, establecida en 25 µm. Actualmente, todas las vainas, previas&#xd;
a su carga con uranio, se someten a inspecciones de calidad mediante ultrasonidos y corrientes&#xd;
Inducidas. Una vez cargadas y selladas las vainas, son inspeccionadas de nuevo y analizadas&#xd;
visualmente por un inspector cualificado. Esta última tarea, tediosa y repetitiva es susceptible a&#xd;
errores humanos, lo que la convierte en candidata ideal para la inspección automática. El&#xd;
objetivo fundamental de la tesis consiste en el desarrollo de un sistema de inspección&#xd;
automática que permita la sustitución, parcial o total, de la inspección humana, en la línea de&#xd;
fabricación.</subfield>
</datafield>
<datafield tag="520" ind1=" " ind2=" ">
<subfield code="a">The thesis, carried out in the ‘Industrial Doctorate’ modality, presents the technological&#xd;
development of an automatic and real-time inspection system of the surface of the fuel rods used in&#xd;
the nuclear industry by means of 3D artificial vision technology. The nuclear industry is characterised&#xd;
by high standards of quality and safety control. One of these crucial controls lies in the detailed&#xd;
inspection of the fuel rod surface, which is necessary, among many other factors, to avoid possible&#xd;
reactor failures during operation and, consequently, loss of productivity and increased radiological risk.&#xd;
The inspection requirements for nicks, scratches or pores on the surface of the rod or cladding are very&#xd;
strict, the most restrictive being the maximum allowable depth of a defect, set at 25 µm. At present,&#xd;
all uranium casings, prior to loading with uranium, are subjected to quality inspections using&#xd;
ultrasound and induced current. Once the cladding is loaded and sealed, it is again inspected and&#xd;
visually analysed by a qualified inspector. The latter tedious and repetitive task is susceptible to human&#xd;
error, making it an ideal candidate for automated inspection.</subfield>
</datafield>
<datafield tag="024" ind2=" " ind1="8">
<subfield code="a">https://hdl.handle.net/10259/10822</subfield>
</datafield>
<datafield tag="024" ind2=" " ind1="8">
<subfield code="a">10.36443/10259/10822</subfield>
</datafield>
<datafield ind1=" " ind2=" " tag="653">
<subfield code="a">Inspección</subfield>
</datafield>
<datafield ind1=" " ind2=" " tag="653">
<subfield code="a">Visión artificial</subfield>
</datafield>
<datafield ind1=" " ind2=" " tag="653">
<subfield code="a">Combustible nuclear</subfield>
</datafield>
<datafield ind1=" " ind2=" " tag="653">
<subfield code="a">Perfilometría láser</subfield>
</datafield>
<datafield ind1=" " ind2=" " tag="653">
<subfield code="a">Automatización</subfield>
</datafield>
<datafield ind1=" " ind2=" " tag="653">
<subfield code="a">Inspection</subfield>
</datafield>
<datafield ind1=" " ind2=" " tag="653">
<subfield code="a">Computer vision</subfield>
</datafield>
<datafield ind1=" " ind2=" " tag="653">
<subfield code="a">Nuclear fuel</subfield>
</datafield>
<datafield ind1=" " ind2=" " tag="653">
<subfield code="a">Laser profilometry</subfield>
</datafield>
<datafield ind1=" " ind2=" " tag="653">
<subfield code="a">Automation</subfield>
</datafield>
<datafield tag="245" ind1="0" ind2="0">
<subfield code="a">Detección y caracterización automática de defectos superficiales en barras combustibles frescas mediante perfilometría láser 3D y visión artificial</subfield>
</datafield>
</record></metadata></record></GetRecord></OAI-PMH>